Slovnaft: sme zodpovední za to, čo robíme zelené oázy - škola, ktorej to myslí - aby bolo jasno
Slovnaft patrí medzi najväčšie nefinančné podniky na Slovensku. Charakter výroby a imidž spájaný so životným prostredím. Prioritné oblasti Slovnaftu v ochrane prírodných zdrojov a znižovanie emisií. Slovnaft a vzdelávacie aktivity. Podpora detí a mládeže v rámci koncepcie zodpovedného podnikania.
Uložené v:
| Hlavný autor: | |
|---|---|
| Médium: | Kapitola |
| Jazyk: | Slovak |
| Predmet: | |
| Tagy: |
Žiadne tagy, Buďte prvý, kto otaguje tento záznam!
|
MARC
| LEADER | 00000naa a2200000 4500 | ||
|---|---|---|---|
| 001 | 0122892 | ||
| 005 | 20220725111622.9 | ||
| 041 | 0 | |a slo | |
| 044 | |a SK | ||
| 245 | 1 | 0 | |a Slovnaft: sme zodpovední za to, čo robíme |b zelené oázy - škola, ktorej to myslí - aby bolo jasno |c Hana Kukučková |
| 520 | |a Slovnaft patrí medzi najväčšie nefinančné podniky na Slovensku. Charakter výroby a imidž spájaný so životným prostredím. Prioritné oblasti Slovnaftu v ochrane prírodných zdrojov a znižovanie emisií. Slovnaft a vzdelávacie aktivity. Podpora detí a mládeže v rámci koncepcie zodpovedného podnikania. | ||
| 610 | 2 | 0 | |a podnik priemyselný |
| 610 | 2 | 0 | |a priemysel spracovateľský |
| 610 | 2 | 0 | |a ropa |
| 610 | 2 | 0 | |a výrobky petrochemické |
| 610 | 2 | 0 | |a politika podnikania |
| 610 | 2 | 0 | |a stratégia podniková |
| 610 | 2 | 0 | |a podnikanie zodpovedné |
| 610 | 2 | 0 | |a ochrana prostredia životného |
| 100 | 1 | |a Kukučková, Hana | |